Thabo Mbeki: the dream dererred (Record no. 500097)

000 -LEADER
fixed length control field 00550cam a22001697a 4500
008 - FIXED-LENGTH DATA ELEMENTS--GENERAL INFORMATION
fixed length control field 180718b2009 xxu||||| |||| 00| 0 eng d
020 ## - INTERNATIONAL STANDARD BOOK NUMBER
International Standard Book Number 9781868423507
082 ## - DEWEY DECIMAL CLASSIFICATION NUMBER
Classification number A99 M459/G336
100 ## - MAIN ENTRY--PERSONAL NAME
Personal name Gevisser, Mark
245 ## - TITLE STATEMENT
Title Thabo Mbeki: the dream dererred
Statement of responsibility, etc. by Mark Gevisser
260 ## - PUBLICATION, DISTRIBUTION, ETC.
Place of publication, distribution, etc. Johanesburg
Name of publisher, distributor, etc. Jonathan Ball
Date of publication, distribution, etc. 2009
300 ## - PHYSICAL DESCRIPTION
Extent 376p.
650 ## - SUBJECT ADDED ENTRY--TOPICAL TERM
Topical term or geographic name entry element South Africa --Politics and government --1948-1994
650 ## - SUBJECT ADDED ENTRY--TOPICAL TERM
Topical term or geographic name entry element South Africa --Politics and government --1994-
650 ## - SUBJECT ADDED ENTRY--TOPICAL TERM
Topical term or geographic name entry element Presidents --South Africa --Biography
650 ## - SUBJECT ADDED ENTRY--TOPICAL TERM
Topical term or geographic name entry element Mbeki, Thabo
Holdings
Withdrawn status Lost status Damaged status Not for loan Permanent Location Current Location Date acquired Full call number Barcode Date last seen Price effective from Koha item type
        Indian Institute of Public Administration Indian Institute of Public Administration 2018-08-04 A99 M459/G336 GR18456 2018-08-04 2018-08-04 GR

Powered by Koha